Nomenclatura codificada de diagnósticos / (Record no. 20414)

MARC details
000 -LEADER
campo de control de longitud fija 00623nam a2200169 i 4500
001 - NÚMERO DE CONTROL
campo de control 20414
003 - IDENTIFICADOR DE NÚMERO DE CONTROL
campo de control ES-MaACL
005 - FECHA Y HORA DE LA ÚLTIMA TRANSACCIÓN
campo de control 20230906152311.0
007 - CAMPO FIJO DE DESCRIPCIÓN FÍSICA--INFORMACIÓN GENERAL
campo de control de longitud fija t|
008 - DATOS DE LONGITUD FIJA--INFORMACIÓN GENERAL
campo de control de longitud fija 021112s1972 sp ||||1| spa d
100 1# - ENTRADA PRINCIPAL--NOMBRE DE PERSONA
Nombre de persona Agustí, Eduardo.
9 (RLIN) 18908
245 10 - MENCIÓN DEL TÍTULO
Título Nomenclatura codificada de diagnósticos /
Mención de responsabilidad, etc. Eduardo Agustí.
260 ## - PUBLICACIÓN, DISTRIBUCIÓN, ETC.
Lugar de publicación, distribución, etc. Valencia :
Nombre del editor, distribuidor, etc. Facultad de Medicina, Centro de Documentación e Información Médica,
Fecha de publicación, distribución, etc. 1972.
300 ## - DESCRIPCIÓN FÍSICA
Extensión LVI, 697 p. ;
Dimensiones 23 cm.
710 2# - ENTRADA AGREGADA--NOMBRE DE ENTIDAD CORPORATIVA
Nombre de entidad corporativa o nombre de jurisdicción como elemento de entrada Universidad de Valencia.
Unidad subordinada Facultad de Medicina.
-- Centro de Documentación e Información Médica.
9 (RLIN) 7329
852 ## - LOCALIZACIÓN
Ubicación ES-MaACL
Número de control de estantería C-49271
Sublocalización o colección R.84853
Holdings
Estatus retirado Estado de pérdida Estado de daño No para préstamo Biblioteca de origen Biblioteca actual Ubicación en estantería Fecha de adquisición Fuente de adquisición Total de préstamos Signatura topográfica completa Código de barras Visto por última vez Precio de reemplazo Tipo de ítem Koha
        Biblioteca del Ateneo de Madrid Biblioteca del Ateneo de Madrid Depósito 2 17/01/2008     C-49271 1020941 23/02/2023 23/02/2023 Libro impreso